[Event "NZL-ch 109th"]
[Site "Christchurch"]
[Date "2002.01.08"]
[Round "10"]
[White "Spain, Graeme"]
[Black "Litwak, Piotr"]
[Result "1/2-1/2"]
[WhiteElo "2167"]
[BlackElo "2050"]
[PlyCount "83"]
[EventDate "2001.12.28"]
[EventType "swiss"]
[EventRounds "11"]
[EventCountry "NZL"]
[SourceTitle "EXT 2003"]
[Source "ChessBase"]
[SourceDate "2002.11.25"]
[SourceVersion "1"]
[SourceVersionDate "2002.11.25"]
[SourceQuality "1"]

1. e4 d5 2. exd5 Qxd5 3. Nc3 Qd6 4. d4 a6 5. Nf3 Nf6 6. g3 Bg4 7. Bg2 e6 8. h3 Bxf3 9. Qxf3 Nc6 10. Be3 Be7 11. 0-0-0 0-0 12. Bf4 Qb4 13. Bxc7 Nxd4 14. Qxb7 Qxb7 15. Bxb7 Ra7 16. Bb6 Rxb7 17. Bxd4 Rfb8 18. Be5 Rc8 19. Rd3 h6 20. Rhd1 Kh7 21. b3 Ba3+ 22. Kb1 Bb4 23. Bxf6 gxf6 24. Ne4 Rbc7 25. c4 f5 26. Nd2 Bc5 27. f3 a5 28. Kc2 h5 29. h4 Rg8 30. f4 Be7 31. Nf1 a4 32. Kc3 axb3 33. axb3 Ra7 34. b4 Ra2 35. c5 Re2 36. Ra1 Rb8 37. Rdd1 Kg6 38. c6 Rb6 39. Kd3 Re4 40. Rdc1 Rbxb4 41. c7 Rbd4+ 42. Kc3 1/2-1/2

[Event "NZL-ch 109th"]
[Site "Christchurch"]
[Date "2002.01.02"]
[Round "5"]
[White "Sutherland, John"]
[Black "Litwak, Piotr"]
[Result "1-0"]
[WhiteElo "2054"]
[BlackElo "2050"]
[PlyCount "79"]
[EventDate "2001.12.28"]
[EventType "swiss"]
[EventRounds "11"]
[EventCountry "NZL"]
[SourceTitle "EXT 2003"]
[Source "ChessBase"]
[SourceDate "2002.11.25"]
[SourceVersion "1"]
[SourceVersionDate "2002.11.25"]
[SourceQuality "1"]

1. d4 Nf6 2. c4 e6 3. Nc3 b6 4. e4 d6 5. Bd3 Bb7 6. Nf3 Be7 7. 0-0 Nbd7 8. b3 0-0 9. Bb2 g6 10. Qd2 c5 11. e5 Ng4 12. Be4 Bxe4 13. Nxe4 d5 14. cxd5 exd5 15. Ng3 cxd4 16. Qf4 Ngxe5 17. Nxe5 Bd6 18. Bxd4 f6 19. Qf3 Bxe5 20. Qxd5+ Rf7 21. Rad1 Qf8 22. Rfe1 Bxd4 23. Rxd4 Kg7 24. h4 Ne5 25. h5 Re8 26. Red1 Rd7 27. Qb5 Rde7 28. Nf1 Nf7 29. Ne3 Re5 30. Qc4 Rxh5 31. Rd7 Rc5 32. Qa6 Ra5 33. Qb7 Rb8 34. Rxf7+ Qxf7 35. Qxb8 Rxa2 36. Qc8 Qxb3 37. Qc7+ Kh6 38. Qh2+ Kg7 39. Rd7+ Kf8 40. Qb8# 1-0

[Event "NZL-ch 109th"]
[Site "Christchurch"]
[Date "2001.12.30"]
[Round "3"]
[White "Litwak, Piotr"]
[Black "Jones, Brian"]
[Result "1/2-1/2"]
[WhiteElo "2050"]
[BlackElo "2223"]
[PlyCount "82"]
[EventDate "2001.12.28"]
[EventType "swiss"]
[EventRounds "11"]
[EventCountry "NZL"]
[SourceTitle "EXT 2003"]
[Source "ChessBase"]
[SourceDate "2002.11.25"]
[SourceVersion "1"]
[SourceVersionDate "2002.11.25"]
[SourceQuality "1"]

1. e4 d6 2. c4 Nf6 3. Nc3 g6 4. Nf3 Bg7 5. Be2 e5 6. d3 0-0 7. Bg5 h6 8. Bh4 c6 9. Qd2 Nbd7 10. h3 Nc5 11. g4 Ne6 12. Bg3 Nd4 13. Nxd4 exd4 14. Nd1 Qe7 15. f4 Nxe4 16. dxe4 Qxe4 17. Nf2 Qg2 18. 0-0-0 Qxg3 19. Ne4 Qh4 20. Nxd6 Qe7 21. Nxc8 Raxc8 22. Rde1 d3 23. Bxd3 Qf6 24. g5 Qd6 25. Rd1 Rcd8 26. Rhg1 hxg5 27. f5 Qe5 28. Rg2 Rd4 29. fxg6 Rfd8 30. gxf7+ Kf8 31. Rxg5 Qf4 32. Qxf4 Rxf4 33. Rf5 Bxb2+ 34. Kc2 Rxf5 35. Bxf5 Rxd1 36. Kxd1 Kxf7 37. a4 Ke7 38. Bc8 b6 39. h4 Kd6 40. Kc2 Bf6 41. h5 a5 1/2-1/2